Brief calculus with applications

Bibliographic Details
Main Author: Hoffmann, Laurence D
Other Authors: Bradley, Gerald L
Format: Book
Published: New Yorkk : McGraw-Hill , 1993
Edition:5th ed
Subjects:

MARC

LEADER 00000cam a2200000 7i4500
001 0000002333
002 000002540
005 20000330.0
020 |a 0071129596 
090 0 0 |a 515   |b HOF 
100 1 |a Hoffmann, Laurence D 
245 1 0 |a Brief calculus with applications   |c Laurence D.Hoffmann, Gerald L. Bradley 
250 |a 5th ed 
260 |a New Yorkk :   |b McGraw-Hill ,   |c 1993 
300 |a 571p. ;   |c 23cm. 
650 0 0 |a Calculus 
700 1 |a Bradley, Gerald L 
999 |a 035821   |b BUKU   |c PINJAMAN   |e PERPUSTAKAAN KOMUNITI PETALING JAYA 
999 |a 035822   |b BUKU   |c PINJAMAN   |e PERPUSTAKAAN KOMUNITI PETALING JAYA